Party na Ibize

Podrobná bibliografia
Hlavný autor: Groot, Anne de (Autor)
Ďalší autori: Lídlová, Ema (Prekladateľ)
Médium: Kniha
Jazyk:čeština
Vydavateľské údaje: Praha Ivo Železný 1993
Vydanie:1. vyd.
Edícia:Knihy o lásce a milování 87
Něžné hry sv. 11

MARC

LEADER 00000nam a2200000 a 4500
001 vtls001155819
003 SK-MaSNL
005 20260301184245.0
008 251031s1993 xr 0 cze
020 |a 8023706853 
035 |a SNK000098716 
040 |a SNK  |b slo  |c SNK  |e AACR2 
041 0 |a cze 
044 |a xr  |c CZ 
080 |a 830-31=850  |2 1981 
100 1 |a Groot, Anne  |c de  |4 aut  |9 560615 
240 1 0 |a Party auf Ibiza  |l Česky 
245 1 0 |a Party na Ibize  |c Anne Groot de ; Přel. Ema Lídlová 
250 |a 1. vyd. 
260 |a Praha  |b Ivo Železný  |c 1993 
300 |a 125 s.  |c 19 cm 
490 0 |a Knihy o lásce a milování  |v 87 
490 0 |a Něžné hry  |v sv. 11 
700 1 |a Lídlová, Ema  |4 trl  |9 62041 
852 |a Slovenská národná knižnica 
919 |a 80-237-0685-3 
954 |a romány nemecké 
968 |d Z něm. orig. 
999 |c 859913  |d 861843 
952 |a SNK  |b SNK  |y VYP  |7 0  |p 17A0500306  |o snkID 94886  |i snkKIP 5/94  |0 0  |1 0  |4 0  |d 2006-03-16  |l 0  |r 2026-02-24 05:08:46  |w 2026-02-24